| 000 | 00731cam a22002533a 4500 | ||
|---|---|---|---|
| 001 | 14951 | ||
| 003 | PGUSA | ||
| 005 | 20140828083323.0 | ||
| 008 | 050207s2005||||xxu|||||s|||||000 | eng d | ||
| 040 |
_aPGUSA _beng |
||
| 042 | _adc | ||
| 050 | 4 | _aDJ | |
| 100 | 1 |
_aLucas, E. V. _q(Edward Verrall), _d1868-1938 |
|
| 245 | 1 | 2 |
_aA Wanderer in Holland _h[electronic resource] / _cE. V. Lucas |
| 260 |
_bProject Gutenberg, _c2005 |
||
| 506 | _aPublic domain in the USA. | ||
| 516 | _aElectronic text | ||
| 653 | _aNetherlands -- Description and travel | ||
| 653 | _aArt, Dutch | ||
| 700 | 1 |
_aMarshall, Herbert, _d1841-1913 |
|
| 830 | 0 |
_aProject Gutenberg _v14951 |
|
| 856 | 4 | 0 | _uhttp://www.gutenberg.org/ebooks/14951 |
| 942 | _cEB | ||
| 999 |
_c244206 _d244206 |
||